000 00532nam a2200169Ia 4500
999 _c12448
_d12448
003 OSt
005 20231227160748.0
008 190216s9999||||xx |||||||||||||| ||und||
040 _coclc
082 _a822.33
_bSHA/H
100 1 _aShakespeare, William,
_d1564-1616
_vAdaptations
_974
245 0 _aHenry 4:
_b The Works of Shakespeare /
_cWilliam Shakespeare
260 _bCambridge Uty Press,
_c1968.
_aNew york:
300 _a210p
650 _aEnglish Drama
942 _cBK
_2ddc
_h822.33
_iSHA/H
_k822.33
_mSHA/H